Normal view MARC view
  • India.

Entry Corporate Name

Number of records used in: 1

001 - CONTROL NUMBER

  • control field: 106442

003 - CONTROL NUMBER IDENTIFIER

  • control field: NUST

005 - DATE AND TIME OF LATEST TRANSACTION

  • control field: 20221229174647.0

008 - FIXED-LENGTH DATA ELEMENTS

  • fixed length control field: 221229|| aca||aabn | a|a d

040 ## - CATALOGING SOURCE

  • Original cataloging agency: NUST
  • Transcribing agency: NUST

110 ## - HEADING--CORPORATE NAME

  • Corporate name or jurisdiction name as entry element: India.
  • Subordinate unit: Army.
  • Subordinate unit: Punjab Regiment (Patiala), 15th
  • General subdivision: History

670 ## - SOURCE DATA FOUND

  • Source citation: Work cat.: (NUST)0: Shorey, Anil. 106441, A legendary force, 1st Patiala :, c2005.
© 2023 Central Library, National University of Sciences and Technology. All Rights Reserved.